000 00998nam0a22002531 4500
001 rc\2903392
005 20110730120551.2
035 _a(NLR Aleph) 007054616
090 _a6225008
_c6225008
100 _a20110730d1932 |||y0rusy50 ca
101 0 _arus
102 _aRU
105 _ay z |||||
200 1 _aО пионер-лагере
_fБр. написана бригадой в составе тт. д-ра Бриль ..., Н. Орлова, С. Соколова, В. Тарик ...
_gУрал. науч.-иссл. ин-т ДКФ при Обкоме ВЛКСМ и Уралоно
210 _aСвердловск
_aМосква
_cУралпартиздат
_d1932
_eСвердловск
_gтип. "Гранит"
215 _aОбл., 38 с., 2 с. объявл.
_d17×11 см
701 1 _aБриль
_bС. М.
701 1 _aОрлов
_bН.
701 1 _aСоколов
_bС.
801 0 _aRU
_bNLR
_gpsbo
801 1 _aRU
_bELAR
_2rusmarc
852 _aNLR
_j32-8/9764
942 _cBOOK
980 _aNB